Normal view
MARC view
- Debesse, Maurice,
Entry Nombre Personal
001 - NUMERO DE CONTROL
- campo de control: 33826
003 - IDENTIFICADOR DE NUMERO DE CONTROL
- campo de control: DLC
005 - FECHA Y HORA DE LA ÜLTIMA TRANSACCIÓN
- campo de control: 20220401153316.0
008 - DATOS DE LONGITUD FIJA
- campo de control de longitud fija: 220401n| acannaab| |n aad |||
010 ## - NÚMERO DE CONTROL DE LA BIBLIOTECA DEL CONGRESO
- Número de control LC: n 91009304
040 ## - FUENTE DE CATALOGACIÓN
- Agencia original de catalogación: DLC
- Agencia de transcripción: DLC
- Lenguaje de catalogación: spa
- Agencia que lo modifica: MX-MxUPN
046 ## - FECHAS CON CODIFICACIÓN ESPECIAL
- Fecha de nacimiento: 1903
- Fecha de muerte: 1998
100 10 - ENCABEZAMIENTO - NOMBRE PERSONAL
- Nombre personal: Debesse, Maurice,
- Fechas asociadas con el nombre: 1903-1998
370 ## - LUGAR ASOCIADO
- Associated country: Francia
374 ## - OCUPACIÓN
- Occupation: Educador
375 ## - GÉNERO
- Gender: masculino
377 ## - LENGUA ASOCIADA
- Language code: fre
670 ## - FUENTE EN LA QUE SE LOCALIZARON DATOS
- Cita de la fuente: nuc91-2540: His La adolescencia, 1977
- Información localizada: (hdg. on PrU rept.: Debesse, Maurice; usage: Maurice Debesse)
670 ## - FUENTE EN LA QUE SE LOCALIZARON DATOS
- Cita de la fuente: En el sitio web Wikipedia, consultado Abril 01, 2022:
- Información localizada: (Maurice Debesse (1903–1998) was a French educator)
- Uniform Resource Identifier: https://en.wikipedia.org/wiki/Maurice_Debesse
902 ## - CATALOGADOR
- Catalogador: NDAF/220401
